[Event "ch-UKR sf"]
[Site "Alushta UKR"]
[Date "2006.05.15"]
[Round "3"]
[White "Ivanov,AndA"]
[Black "Nedilko,V"]
[Result "1/2-1/2"]
[WhiteElo "2326"]
[BlackElo "2387"]

1.e4 c5 2.Nf3 d6 3.d4 cxd4 4.Nxd4 Nf6 5.Nc3 a6 6.g3 e5 7.Nde2 Be7 8.Bg2 O-O
9.O-O b5 10.a4 b4 11.Nd5 Nxd5 12.exd5 a5 13.c3 Na6 14.Be3 Bg4 15.f3 Bh5 16.Qd2 Qd7
17.Rfc1 Rfc8 18.cxb4 Nxb4 19.Nc3 Bg6 20.Bf1 h6 21.b3 Bg5 22.Bxg5 hxg5 23.Bc4 g4
24.f4 exf4 25.gxf4 Re8 26.Nb5 Re7 27.Rc3 Rae8 28.Rf1 Be4 29.Rg3 Bf3 30.h3 f5
31.Nd4 Qa7 32.Qf2 Bxd5 33.Nxf5 Qxf2+ 34.Kxf2 Rf7 35.Nxd6 Rxf4+ 36.Kg1 Rxf1+
37.Kxf1 Rf8+ 38.Ke1 gxh3 39.Rxh3 Bxc4 40.Nxc4 Rf5 41.Kd2 g5 42.Ne3 Rc5 43.Rh6 Kf7
44.Rb6 Nd5 45.Nxd5 Rxd5+ 46.Ke3 Rf5 47.Ke4 Rf4+ 48.Ke5 Rf3 49.Rb5 g4 50.Ke4 Kf6
51.Rxa5  1/2-1/2

[Event "37th Olympiad w"]
[Site "Turin ITA"]
[Date "2006.05.25"]
[Round "5"]
[White "Lujan,C"]
[Black "Zawadzka,J"]
[Result "1/2-1/2"]
[WhiteElo "2378"]
[BlackElo "2389"]

1.e4 c5 2.Nf3 d6 3.d4 cxd4 4.Nxd4 Nf6 5.Nc3 a6 6.g3 e5 7.Nb3 b5 8.Bg2 Be7
9.O-O Nbd7 10.a4 b4 11.Na2 a5 12.c3 bxc3 13.Nxc3 O-O 14.Bd2 Nb6 15.Nd5 Nfxd5
16.exd5 Nc4 17.Bc3 Qb6 18.Nd2 Ba6 19.Nxc4 Bxc4 20.Re1 Bd8 21.Qd2 Rb8 22.Kh1 f5
23.f4 e4 24.g4 Qb7 25.gxf5 Bxd5 26.Rad1 Rxf5 27.Qf2 Qf7 28.Bxe4 Bxe4+ 29.Rxe4 Bf6
30.Bxf6 Rxf6 31.Rde1 Rf8 32.Rf1 Qb7 33.Qf3 Qxb2 34.Rg1 Qb7 35.Rg3 Qf7 36.Qg2 g6
37.Rf3 Re6 38.Rxe6 Qxe6 39.Rf1 d5 40.Qd2 Qe4+ 41.Kg1 d4 42.Qxa5 d3 43.Qe5 Qc4
44.Qe3 Rd8 45.Rd1 d2 46.Kf2 Qd5 47.Qf3 Qd4+ 48.Qe3 Qd6 49.a5 Kf7 50.Qb3+ Kf8
51.Qe3 Kf7 52.Qb3+ Kf8 53.Qe3  1/2-1/2

[Event "37th Olympiad w"]
[Site "Turin ITA"]
[Date "2006.05.27"]
[Round "6"]
[White "Leconte,M"]
[Black "Dzagnidze,N"]
[Result "0-1"]
[WhiteElo "2345"]
[BlackElo "2454"]

1.e4 c5 2.Nf3 d6 3.d4 cxd4 4.Nxd4 Nf6 5.Nc3 a6 6.g3 e5 7.Nde2 Nbd7 8.Bg2 Be7
9.h3 b5 10.g4 Nb6 11.Ng3 b4 12.Nd5 Nfxd5 13.exd5 O-O 14.O-O a5 15.a3 Bd7
16.b3 bxa3 17.Bxa3 a4 18.Kh2 f5 19.c4 Rc8 20.gxf5 Bxf5 21.f4 exf4 22.Rxf4 Bg6
23.Rxf8+ Qxf8 24.Qg1 Qd8 25.Re1 Bh4 26.bxa4 Nxc4 27.Bc1 Ne5 28.Re2 Bxg3+
29.Kxg3 Rc3+ 30.Re3 Nd3 31.Bd2 Qg5+ 32.Kh2 Qf4+ 33.Rg3 Qxd2 34.Qb6 Qf4 35.Qd8+ Qf8
36.Qxf8+ Kxf8 37.a5 Ra3 38.Bf1 Ra2+ 39.Kg1 Nc5 40.Rf3+ Bf7 41.a6 Nxa6 42.Bd3 Ra3  0-1

[Event "37th Olympiad w"]
[Site "Turin ITA"]
[Date "2006.05.28"]
[Round "7"]
[White "Zigangirova,S"]
[Black "Rogule,L"]
[Result "0-1"]
[WhiteElo "2314"]
[BlackElo "2309"]

1.e4 c5 2.Nf3 d6 3.d4 cxd4 4.Nxd4 Nf6 5.Nc3 a6 6.g3 e5 7.Nb3 Be7 8.Bg2 O-O
9.O-O Bg4 10.Qd3 Qc8 11.Bg5 Nbd7 12.f4 Nc5 13.Qd2 exf4 14.gxf4 Be6 15.f5 Bc4
16.Rfd1 Ncd7 17.Nd4 a5 18.b3 Ba6 19.a4 h6 20.Bf4 Re8 21.Ndb5 Bxb5 22.Nxb5 Nc5
23.Re1 Bf8 24.Qd4 d5 25.Nc7 Ncxe4 26.Bxe4 dxe4 27.Kh1 Rd8 28.Qb6 Nd5 29.Nxd5 Rxd5
30.f6 Ra6 31.Qe3 Rxf6 32.Qxe4 Rh5 33.Rad1 Rh4 34.Qe8 Qxe8 35.Rxe8 Rhxf4 36.Rdd8 Rf1+
37.Kg2 R1f2+ 38.Kg1 Rxc2 39.Rxf8+ Kh7  0-1

[Event "ch-StP"]
[Site "St Petersburg RUS"]
[Date "2006.06.03"]
[Round "1"]
[White "Ivanov,Al3"]
[Black "Alekseev,Evgeny"]
[Result "1/2-1/2"]
[WhiteElo "2375"]
[BlackElo "2640"]

1.e4 c5 2.Nf3 d6 3.d4 cxd4 4.Nxd4 Nf6 5.Nc3 a6 6.g3 e5 7.Nb3 Be7 8.Bg2 O-O
9.a4 Be6 10.O-O Nbd7 11.Re1 Qc7 12.Nd2 Qc5 13.Nf1 b5 14.Ne3 Rfc8 15.axb5 axb5
16.Rxa8 Rxa8 17.Ned5 Bxd5 18.Nxd5 Nxd5 19.Qxd5 Qxd5 20.exd5 Nb6 21.Be3 Nc4
22.b3 Nxe3 23.Rxe3 Rc8 24.Be4 g6 25.g4 Bd8 26.Kf1 Bb6 27.Re1 Bd4 28.Ke2 b4
29.Rf1 Rc3 30.Bd3 Kg7 31.Rh1 Rc5 32.Be4 Rc8 33.h4 Rf8 34.Rg1 Kf6 35.Rh1 Ke7
36.g5 h5 37.Rf1 Rc8 38.Bd3 Rc3 39.Rg1 Kd7 40.Rh1 Ke7  1/2-1/2

[Event "2nd Open"]
[Site "San Marino SMR"]
[Date "2006.06.05"]
[Round "1"]
[White "Genocchio,D"]
[Black "Areshchenko,A"]
[Result "0-1"]
[WhiteElo "2340"]
[BlackElo "2660"]

1.e4 c5 2.Nf3 d6 3.d4 cxd4 4.Nxd4 Nf6 5.Nc3 a6 6.g3 e5 7.Nde2 Be7 8.Bg2 O-O
9.O-O b5 10.Nd5 Nbd7 11.Nec3 Bb7 12.Be3 Rc8 13.a4 bxa4 14.Rxa4 Nc5 15.Ra2 Nxd5
16.Nxd5 Bg5 17.Re1 Bxe3 18.Rxe3 Bxd5 19.Qxd5 a5 20.Bf1 Qb6 21.Qd2 a4 22.Bc4 Kh8
23.Bd5 f5 24.exf5 Rxf5 25.b4 axb3 26.cxb3 Rcf8 27.b4 Na6 28.Qd3 Nc7 29.Bc4 R5f6
30.Qe4  0-1

[Event "ch-StP"]
[Site "St Petersburg RUS"]
[Date "2006.06.05"]
[Round "3"]
[White "Ivanov,Al3"]
[Black "Anisimov,P"]
[Result "1/2-1/2"]
[WhiteElo "2375"]
[BlackElo "2500"]

1.e4 c5 2.Nf3 d6 3.d4 cxd4 4.Nxd4 Nf6 5.Nc3 a6 6.g3 e5 7.Nb3 Bg4 8.Qd3 Nc6
9.Bg2 Nb4 10.Qd2 d5 11.exd5 Bf5 12.O-O Nxc2 13.Qe2 Bd6 14.f4 Nxa1 15.fxe5 Bg4
16.Qe3 Qe7 17.exf6 Qxe3+ 18.Bxe3 Nxb3 19.fxg7 Rg8 20.axb3 Rxg7 21.Bd4 Rg6
22.Ne4 Be7 23.Be5 f5 24.Nc3 Bc5+ 25.Kh1 Bd6 26.Bxd6 Rxd6 27.h3 Rh6 28.Re1+ Kf8
29.Re6 Rxe6 30.dxe6 Bh5 31.Bxb7 Rd8 32.Kg1 Rd6 33.Bd5 Be8 34.Kf2 Bc6 35.Bc4 a5
36.Ke3 Ke7 37.Ne2 Kf6 38.Nf4 Rd1 39.h4 Rg1 40.Kd4 Bf3 41.Ke3 Bc6 42.Kd4 Bf3
43.Ke3 Ke5  1/2-1/2

[Event "ch-StP"]
[Site "St Petersburg RUS"]
[Date "2006.06.06"]
[Round "4"]
[White "Anisimov,P"]
[Black "Alekseev,Evgeny"]
[Result "1/2-1/2"]
[WhiteElo "2500"]
[BlackElo "2640"]

1.e4 c5 2.Nf3 d6 3.d4 Nf6 4.Nc3 cxd4 5.Nxd4 a6 6.g3 e6 7.Bg2 Be7 8.O-O O-O
9.Be3 Nc6 10.Nxc6 bxc6 11.e5 dxe5 12.Bxc6 Rb8 13.Qxd8 Rxd8 14.b3 Bb7 15.Bxb7 Rxb7
16.Na4 Nd5 17.Bd2 Nb4  1/2-1/2

[Event "VIII Open"]
[Site "Salou ESP"]
[Date "2006.06.07"]
[Round "1"]
[White "Alsina Leal,D"]
[Black "Goettin,G"]
[Result "1-0"]
[WhiteElo "2441"]
[BlackElo "2012"]

1.e4 c5 2.Nf3 d6 3.d4 cxd4 4.Nxd4 Nf6 5.Nc3 a6 6.g3 e5 7.Nb3 Be7 8.Bg2 Be6
9.O-O Nbd7 10.Re1 O-O 11.Nd2 Rc8 12.Nf1 Qc7 13.Ne3 Nb6 14.Ncd5 Bxd5 15.exd5 g6
16.b3 Nfd7 17.c4 f5 18.Bb2 Nf6 19.Rc1 Nbd7 20.b4 b6 21.Qb3 Ng4 22.Nxg4 fxg4
23.Qd1 Nf6 24.c5 bxc5 25.bxc5 Qb8 26.Qd2 Kg7 27.Ba1 Rce8 28.cxd6 Bxd6 29.Rc6 Rf7
30.Rxa6 Ref8 31.Qb2 Qd8 32.Qe2 Re8 33.Rc6 e4 34.Qxg4 Be5 35.Qd1 Bxa1 36.Qxa1 Qxd5
37.Rc3 Kg8 38.Bf1 Qf5 39.Bc4 Nd5 40.Rc2 e3 41.Ree2 Qe4 42.fxe3 Ref8 43.Rf2 Rxf2
44.Bxd5+ Qxd5 45.Rxf2 Rxf2 46.Kxf2 Qd2+ 47.Kf3 Qd5+ 48.Ke2 Qh5+ 49.Kd3 Qxh2
50.g4 Qg2 51.a4 Qxg4 52.Qa2+ Kf8 53.Qc4 Qd1+ 54.Ke4 Qg4+ 55.Kd5 Qg5+ 56.Kd4 h5
57.Qc8+ Kf7 58.Qd7+ Kf8 59.Qd6+ Kf7 60.Qd5+ Kf6 61.Qxg5+ Kxg5 62.a5  1-0

[Event "VIII Open"]
[Site "Salou ESP"]
[Date "2006.06.09"]
[Round "3"]
[White "Narciso Dublan,M"]
[Black "Asis Gargatagli,H"]
[Result "1-0"]
[WhiteElo "2510"]
[BlackElo "2361"]

1.e4 c5 2.Nf3 d6 3.d4 Nf6 4.Nc3 cxd4 5.Nxd4 a6 6.g3 e5 7.Nb3 Nbd7 8.a4 b6
9.Bg2 Bb7 10.Nd2 Rc8 11.Nf1 Rxc3 12.bxc3 Nxe4 13.Ne3 Nxc3 14.Qd3 Bxg2 15.Nxg2 Qa8
16.O-O Ne4 17.Ne3 Ndf6 18.Nc4 Be7 19.Nxb6 Qc6 20.a5 O-O 21.c4 Nc5 22.Nd5 Nxd5
23.Qxd5 Qxd5 24.cxd5 Rc8 25.Be3 Bd8 26.Bxc5 Rxc5 27.Rfc1 Kf8 28.Rxc5 dxc5
29.Rc1 Bxa5 30.Rxc5 Bb4 31.Rc7 a5 32.Kf1 Ke8 33.Ke2 h5 34.Kd3 g6 35.Kc4  1-0

[Event "Open A"]
[Site "Voronezh RUS"]
[Date "2006.06.12"]
[Round "1"]
[White "Uzhva,A"]
[Black "Gabrielian,A"]
[Result "1/2-1/2"]
[WhiteElo "2264"]
[BlackElo "2520"]

1.e4 c5 2.Nf3 d6 3.d4 cxd4 4.Nxd4 Nf6 5.Nc3 a6 6.g3 e5 7.Nde2 Nbd7 8.Bg2 b5
9.h3 Bb7 10.g4 b4 11.Nd5 Nxd5 12.exd5 Be7 13.a3 a5 14.O-O O-O 15.Ng3 g6 16.Bh6 Re8
17.Qd2 Qb6 18.Be3 Qb5 19.Rfd1 Nc5 20.g5 Rec8 21.Ne4 Nxe4 22.Bxe4 h6 23.gxh6 Qc4
24.f3 Kh7 25.Bg5 Qc7 26.h4 f5 27.Bd3 Qd8 28.axb4 axb4 29.Rxa8 Rxa8 30.Bc4 Qb6+
31.Be3 Qc7 32.Qxb4 Bxh4 33.Bd3 Qe7 34.c4 e4 35.fxe4 fxe4 36.Bf1 Rf8 37.Qc3 Bc8
38.Bg2 Bf6 39.Bd4 Bg5 40.Ra1 Kxh6 41.Ra7 Bd7 42.Bh3 Rf3 43.Rxd7 Rxc3 44.Rxe7 Rc1+
45.Bf1 Bxe7 46.Be3+ Bg5 47.Bxc1 Bxc1 48.Bg2 e3 49.b3 Ba3 50.Be4 Kg5 51.Kg2 Kf6
52.Kf3 Bc5 53.b4 Bd4 54.Bd3 Bc3  1/2-1/2

[Event "Masters"]
[Site "Las Vegas USA"]
[Date "2006.06.13"]
[Round "7"]
[White "Stein,Alan"]
[Black "Sarkar,J"]
[Result "1/2-1/2"]
[WhiteElo "2434"]
[BlackElo "2355"]

1.e4 c5 2.Nf3 d6 3.d4 cxd4 4.Nxd4 Nf6 5.Nc3 a6 6.g3 e6 7.Bg2 Be7 8.O-O O-O
9.a4 Nc6 10.Nde2 Qc7 11.b3 b6 12.Bb2 Bb7 13.Qd2 Rfd8 14.Qf4 Nb4 15.Rad1 e5
16.Qd2 d5 17.Nxd5 Nfxd5 18.exd5 Nxd5 19.Qc1 f6 20.c4 Nb4 21.Nc3 Bc5 22.Qb1 Bd4
23.Be4 g6 24.Nd5 Nxd5 25.Bxd4 exd4 26.cxd5 f5 27.Bg2 Bxd5 28.Rxd4 Bxg2 29.Rxd8+ Rxd8
30.Kxg2 Qc6+ 31.Kg1 Rd2 32.Qe1 Qd6 33.Qe8+ Kg7 34.Qc8 a5 35.Qb7+ Kh6 36.Qf7 Qd7
37.Qf8+ Qg7 38.Qb8 Qd4 39.h4 Kg7 40.Qb7+ Kg8 41.h5 Rd1 42.Rxd1 Qxd1+ 43.Kg2 Qxh5
44.Qxb6 f4 45.Qb8+ Kg7 46.Qxf4 Qd5+ 47.Qf3 Qc5 48.Qb7+ Kf6 49.Qxh7 Qd5+ 50.Kh2 Qxb3
51.Qh4+ g5 52.Qd4+ Ke6 53.Qe3+ Qxe3 54.fxe3 g4 55.Kg2 Kd5 56.Kf2 Kc4 57.e4 Kd4
58.e5 Kxe5 59.Ke3 Kd5 60.Kf4 Kc4 61.Kxg4 Kb4 62.Kf3 Kxa4 63.g4 Kb4 64.g5 a4
65.g6 a3 66.g7 a2 67.g8=Q a1=Q  1/2-1/2

[Event "Masters"]
[Site "Las Vegas USA"]
[Date "2006.06.14"]
[Round "9"]
[White "Stein,Alan"]
[Black "Sevillano,E"]
[Result "1/2-1/2"]
[WhiteElo "2434"]
[BlackElo "2472"]

1.e4 c5 2.Nf3 d6 3.d4 cxd4 4.Nxd4 Nf6 5.Nc3 a6 6.g3 e6 7.Bg2 Be7 8.O-O O-O
9.g4 Nc6 10.g5 Nxd4 11.Qxd4 Nh5 12.Qe3 e5 13.Nd5 Nf4 14.Nxf4 Bxg5 15.Qg3 exf4
16.Bxf4  1/2-1/2

[Event "ch-CHN"]
[Site "Wuxi CHN"]
[Date "2006.06.25"]
[Round "1"]
[White "Zhang Zhong"]
[Black "Xu Jun"]
[Result "1/2-1/2"]
[WhiteElo "2640"]
[BlackElo "2591"]

1.e4 c5 2.Nf3 d6 3.d4 cxd4 4.Nxd4 Nf6 5.Nc3 a6 6.g3 Bd7 7.Bg2 Nc6 8.Nf5 g6
9.Nh6 Bg7 10.O-O Ne5 11.h3 Rc8 12.Re1 Qc7 13.a4 Be6 14.a5 Kf8 15.Ra4 Qd7
16.Rb4  1/2-1/2

[Event "FINEC Rector Cup"]
[Site "St Petersburg RUS"]
[Date "2006.06.26"]
[Round "1"]
[White "Zagrebelny,S"]
[Black "Biriukov,O"]
[Result "1/2-1/2"]
[WhiteElo "2485"]
[BlackElo "2404"]

1.e4 c5 2.Nf3 d6 3.d4 cxd4 4.Nxd4 Nf6 5.Nc3 a6 6.g3 e5 7.Nb3 Be7 8.Bg2 O-O
9.O-O b5 10.a4 b4 11.Nd5 Nxd5 12.Qxd5 Ra7 13.Be3 Be6 14.Qd2 Rb7 15.a5 Nd7
16.Rfd1 Qc7 17.Bf1 Ra8 18.Ra4 Qc6 19.Rda1 d5 20.exd5 Bxd5 21.Nc1 e4 22.Ne2 Ne5
23.Nd4 Qd7 24.Bf4 Nc4 25.Bxc4 Bxc4 26.b3  1/2-1/2

[Event "Suduroy International"]
[Site "Vagur AUT"]
[Date "2006.06.27"]
[Round "4"]
[White "Thorsteinsson,S"]
[Black "Bekker Jensen,S"]
[Result "1/2-1/2"]
[WhiteElo "2067"]
[BlackElo "2393"]

1.e4 c5 2.Nf3 d6 3.d4 Nf6 4.Nc3 cxd4 5.Nxd4 a6 6.g3 e5 7.Nb3 b5 8.Bg2 Bb7
9.O-O Nbd7 10.Re1 Rc8 11.a3 Be7 12.Nd2 Rc7 13.Nf1 Qa8 14.Bg5 Rxc3 15.bxc3 Nxe4
16.Bxe7 Kxe7 17.Qg4 Ndf6 18.Qxg7 Rg8 19.Qh6 Ng5 20.Bxb7 Qxb7 21.Nd2 Qd5 22.Rad1 Rg6
23.Qh4 Qxd2 24.Rxd2 Nf3+ 25.Kf1 Nxh4 26.gxh4 Ke6 27.f4 Nh5 28.fxe5 dxe5 29.a4 bxa4
30.Re4 a3 31.Ra4 Kf5 32.Rxa3 Rb6 33.Rb3 Rf6 34.c4 Ke4+ 35.Ke1 Nf4  1/2-1/2

[Event "Suduroy International"]
[Site "Vagur AUT"]
[Date "2006.06.30"]
[Round "8"]
[White "Ziska,H"]
[Black "Thorsteinsson,S"]
[Result "1-0"]
[WhiteElo "2306"]
[BlackElo "2067"]

1.e4 c5 2.Nf3 d6 3.d4 cxd4 4.Nxd4 Nf6 5.Nc3 a6 6.g3 e6 7.Bg2 Be7 8.O-O O-O
9.a4 Nc6 10.Nb3 Na5 11.Nxa5 Qxa5 12.Be3 Bd7 13.Qd2 Qc7 14.a5 Bc6 15.f4 b5
16.axb6 Qb7 17.Bf3 Nxe4 18.Qg2 d5 19.Nxe4 dxe4 20.Be2 a5 21.f5 exf5 22.Rxf5 Bd8
23.Qf2 a4 24.Rf1 g6 25.Rf6 Rb8 26.Ba6 Qxa6 27.Rxc6 Qb5 28.Rf6 Rb7 29.c3 Qd5
30.Bd4 Re8 31.Qf4 Re6 32.Rxf7 Re8 33.Rf8+  1-0

[Event "REDA IM"]
[Site "Brno CZE"]
[Date "2006.07.01"]
[Round "2"]
[White "Tuma,J"]
[Black "Krcal,M"]
[Result "1/2-1/2"]
[WhiteElo "2292"]
[BlackElo "2105"]

1.e4 c5 2.Nf3 d6 3.d4 cxd4 4.Nxd4 Nf6 5.Nc3 a6 6.g3 b5 7.Bg2 Bb7 8.a4 bxa4
9.O-O e6 10.Re1 Nfd7 11.Nxa4 Qc7 12.Bg5 g6 13.c4 Bg7 14.Rc1 O-O 15.Qd2 Nc6
16.Nb3 Nb6 17.Nxb6 Qxb6 18.Qc2 Nb4 19.Qb1 Nc6 20.Qc2 Nb4 21.Qb1 Nc6 22.Qc2 Nb4  1/2-1/2

[Event "34th World Open"]
[Site "Philadelphia USA"]
[Date "2006.07.04"]
[Round "8"]
[White "Fressinet,L"]
[Black "Milman,L"]
[Result "1-0"]
[WhiteElo "2633"]
[BlackElo "2478"]

1.e4 c5 2.Nf3 d6 3.d4 cxd4 4.Nxd4 Nf6 5.Nc3 a6 6.g3 e5 7.Nb3 Be7 8.Bg2 O-O
9.O-O Bg4 10.Qd3 Qc7 11.Be3 Nbd7 12.a4 Nb6 13.Nd2 Rac8 14.h3 Be6 15.Rfd1 Rfd8
16.a5 Nc4 17.Nxc4 Qxc4 18.Qd2 Qb4 19.Na4 Qxd2 20.Rxd2 d5 21.exd5 Nxd5 22.Nb6 Nxb6
23.Rxd8+ Rxd8 24.axb6 Bd5 25.Bxd5 Rxd5 26.c4 Rd3 27.c5 Kf8 28.c6 bxc6 29.Rxa6 Bd6
30.Ra7 Rb3 31.Rd7 Be7 32.Rc7 Ke8 33.Rxc6 Rxb2 34.Rc7 Bd6 35.Ra7 h5 36.g4 hxg4
37.hxg4 g6 38.g5 Kf8 39.Kg2 Rb3 40.Kf1 Rb2 41.Ke1 Bb4+ 42.Kd1 Bc3 43.Kc1 Rb5
44.Rc7 Ba5 45.Rc5  1-0

[Event "ch-BEL"]
[Site "Namur BEL"]
[Date "2006.07.05"]
[Round "5"]
[White "Geirnaert,S"]
[Black "Van der Stricht,G"]
[Result "0-1"]
[WhiteElo "2357"]
[BlackElo "2417"]

1.e4 c5 2.Nf3 d6 3.d4 cxd4 4.Nxd4 Nf6 5.Nc3 a6 6.g3 e5 7.Nde2 Be7 8.Bg2 b5
9.O-O Nbd7 10.h3 Nb6 11.f4 Bb7 12.a3 O-O 13.g4 Re8 14.Ng3 exf4 15.Bxf4 Nc4
16.Qc1 d5 17.e5 Nxe5 18.g5 Ne4 19.Ncxe4 dxe4 20.Nxe4 Ng6 21.Kh1 Qc8 22.Bg3 Bxe4  0-1

[Event "Open A"]
[Site "Banska Stiavnica SVK"]
[Date "2006.07.10"]
[Round "3"]
[White "Manik,M"]
[Black "Raut,C"]
[Result "1-0"]
[WhiteElo "2460"]
[BlackElo "2246"]

1.e4 c5 2.Nf3 d6 3.d4 cxd4 4.Nxd4 Nf6 5.Nc3 a6 6.g3 e5 7.Nb3 Be6 8.Bg2 Nbd7
9.a4 Nc5 10.Nxc5 dxc5 11.Nd5 Bxd5 12.exd5 Bd6 13.O-O O-O 14.g4 Ne8 15.Ra3 f6
16.Rh3 g6 17.Kh1 Qd7 18.c3 Qc7 19.Rg1 Rf7 20.Be4 Rd8 21.Qf3 Bf8 22.d6 Qxd6
23.Bxb7 c4 24.a5 Nc7 25.Be4 Ne6 26.Qe2 Nc5 27.Qxc4 Nxe4 28.Qxe4 Qc5 29.b4 Qxf2
30.Qc4 Qc2 31.Rf3 Rd4 32.Qxa6 Rd1 33.Rxd1 Qxd1+ 34.Qf1 Rd7 35.Kg2 e4 36.Qxd1 Rxd1
37.Rf1 Rd3 38.Rxf6 Rxc3 39.Bf4 Bxb4 40.a6 Rc2+ 41.Kf1 Ra2 42.Be3 Bd2 43.Bd4 e3
44.Rc6 Ra4 45.a7 Kf7 46.Rc8 Rxd4 47.a8=Q Rf4+ 48.Ke2  1-0

[Event "ch-SWE"]
[Site "Gothenburg SWE"]
[Date "2006.07.12"]
[Round "11"]
[White "Brynell,S"]
[Black "Eriksson,Joh"]
[Result "1/2-1/2"]
[WhiteElo "2497"]
[BlackElo "2403"]

1.e4 c5 2.Nf3 d6 3.d4 cxd4 4.Nxd4 Nf6 5.Nc3 a6 6.g3 e5 7.Nb3 Be7 8.Bg2 Nbd7
9.a4 b6 10.O-O Bb7 11.Re1 Rc8 12.Nd2 O-O 13.Nf1 Nc5 14.Bg5 Ne6 15.Bxf6 Bxf6
16.Ne3 g6 17.Ncd5 Bg7 18.c3 Kh8 19.Qb3 Bxd5 20.Nxd5 Rb8 21.Qc4 b5 22.axb5 axb5
23.Qc6 f5 24.exf5 gxf5 25.Ra7 Nc5 26.Rd1 e4 27.Nf4 Be5 28.b4 Na4 29.Nd5 Qc8
30.Rc7 Qe8 31.Qxe8 Rbxe8 32.Rc1 Rc8 33.Rxc8 Rxc8 34.Bh3 Nxc3 35.Nxc3 Rxc3
36.Rxc3 Bxc3 37.Bxf5 Bxb4 38.Bxe4 Bc5 39.Kg2 Kg7 40.f4 b4 41.Bd5 Kf6 42.g4 h6
43.Kf3 Bd4 44.Bb3 Bc3 45.h4 Be1 46.g5+ hxg5 47.hxg5+ Kg7 48.f5 Bc3 49.Ba4 Kf7
50.Bd1 Kg7 51.Ke4 b3 52.Kd5 b2 53.Bc2 Bd2 54.f6+ Kf7 55.g6+  1/2-1/2

[Event "ch-Paris"]
[Site "Paris FRA"]
[Date "2006.07.12"]
[Round "5"]
[White "Leconte,M"]
[Black "Fridman,D2"]
[Result "0-1"]
[WhiteElo "2304"]
[BlackElo "2569"]

1.e4 c5 2.Nf3 d6 3.d4 cxd4 4.Nxd4 Nf6 5.Nc3 a6 6.g3 Bg4 7.f3 Bd7 8.Be3 Nc6
9.Qd2 e6 10.g4 h6 11.O-O-O b5 12.h4 b4 13.Nce2 Ne5 14.Ng3 Qa5 15.Kb1 Bb5
16.g5 hxg5 17.hxg5 Rxh1 18.Nxh1 Bxf1 19.Rxf1 Nc4 20.Qd3 Nxe3 21.Qxe3 Nd7
22.g6 Be7 23.gxf7+ Kxf7 24.f4 Bf6 25.f5 exf5 26.Rxf5 Qb6 27.Ng3 Rh8 28.Rf1 Ke8
29.Nge2 Kd8 30.Rd1 Kc8 31.c3 Ne5 32.cxb4 Qxb4 33.Rc1+ Kb7 34.Rc3 Nc4 35.Rb3 Rh1+
36.Nc1 Nxe3 37.Rxb4+ Kc7 38.Ne2 a5 39.Rb3 Nc4 40.Kc2 Rh4 41.Ng3 Be5 42.Nce2 Rh2
43.Kc1 Rg2 44.a4 Kc6 45.Rb8 Bxg3 46.Nxg3 Rg1+ 47.Kc2 Ne3+  0-1

[Event "3rd ACT"]
[Site "Amsterdam NED"]
[Date "2006.07.15"]
[Round "1"]
[White "Ouwendijk,V"]
[Black "Bezemer,A"]
[Result "1-0"]
[WhiteElo "2210"]
[BlackElo "2346"]

1.e4 c5 2.Nf3 d6 3.d4 cxd4 4.Nxd4 Nf6 5.Nc3 a6 6.g3 e6 7.Bg2 Be7 8.O-O O-O
9.a4 Qc7 10.Be3 Nc6 11.Nxc6 bxc6 12.a5 Nd7 13.Na4 c5 14.e5 d5 15.c4 Rb8 16.cxd5 exd5
17.Bf4 g5 18.e6 gxf4 19.exd7 Bxd7 20.Nb6 d4 21.Re1 Be6 22.Qh5 Qd6 23.Be4 f5
24.Bd3 Kh8 25.g4 Bf7 26.Qh3 Rg8 27.Bxf5 Rg7 28.Nc8 Rxc8 29.Bxc8 d3 30.Rxe7 Qxe7
31.Qxd3 h5 32.Rd1 Bg8 33.Qc3 Qe4 34.Bf5 Qe8 35.Rd7 Bf7 36.Qd2 Rg8 37.Qxf4  1-0

[Event "10th Petr Izmailov Mem"]
[Site "Tomsk RUS"]
[Date "2006.07.15"]
[Round "6"]
[White "Kasimdzhanov,R"]
[Black "Karjakin,Sergey"]
[Result "0-1"]
[WhiteElo "2672"]
[BlackElo "2679"]

1.e4 c5 2.Nf3 d6 3.d4 cxd4 4.Nxd4 Nf6 5.Nc3 a6 6.g3 e5 7.Nb3 Be7 8.Bg2 b5
9.a4 b4 10.Nd5 Nxd5 11.Qxd5 Ra7 12.Be3 Be6 13.Qd2 Rb7 14.O-O O-O 15.Qd3 Qc7
16.Nd2 a5 17.Rac1 Nd7 18.b3 Rc8 19.Qe2 Qc6 20.f4 f6 21.Bf3 Bd8 22.Bg4 Bf7
23.Bh5 Bxh5 24.Qxh5 Bb6 25.Qe2 Rbc7 26.Rfe1 Bxe3+ 27.Qxe3 Nb6 28.Nf1 Re8
29.Rcd1 d5 30.exd5 Nxd5 31.Qf3 Qc5+ 32.Kh1 Nc3 33.Rd2 Rce7 34.fxe5 Rxe5 35.Rxe5 Qxe5
36.Kg2 h5 37.Rf2 Qc5 38.Nd2 Nd5 39.Nc4 Ne3+ 40.Nxe3 Rxe3 41.Qb7 Kh7 42.Rd2 Qf5
43.Qd5  0-1

[Event "3rd ACT"]
[Site "Amsterdam NED"]
[Date "2006.07.16"]
[Round "2"]
[White "De Jong,M"]
[Black "Van Oosterom,C"]
[Result "1/2-1/2"]
[WhiteElo "2241"]
[BlackElo "2343"]

1.e4 c5 2.Nf3 d6 3.d4 cxd4 4.Nxd4 Nf6 5.Nc3 a6 6.g3 e5 7.Nb3 Nbd7 8.a4 b6
9.Bg2 Bb7 10.O-O Be7 11.Re1 O-O 12.Nd2 Rc8 13.Nf1 Re8 14.Bg5 h6 15.Bxf6 Nxf6
16.Qd3 Rc5 17.Ne3 Qc8 18.Ra3 Bf8 19.Rb3 Qc7 20.Re2 g6 21.g4 Rc8 22.h3 Qd8
23.Ned5 Bxd5 24.Nxd5 Nxd5 25.exd5 Rc4 26.Qe3 R8c5 27.Ra3 Rxc2 28.Rxc2 Rxc2
29.Rb3 Rc5 30.Rc3 Be7 31.b4 Bg5 32.Qd3 Rxc3 33.Qxc3 Bh4 34.Bf1 a5 35.bxa5 bxa5
36.Kg2 Qb6 37.Qd3 Qb7 38.Qf3 Qb4 39.Bb5 Kg7 40.Be8 Bf6 41.h4 Kf8 42.Qxf6 Qxg4+
43.Kh2 Kxe8 44.Qxd6 Qxh4+ 45.Kg2 Qxa4 46.Qxe5+ Kd7 47.f3 Qc2+ 48.Kg1 Qc1+
49.Kf2 Qd2+ 50.Kf1 Qd1+ 51.Kg2 a4 52.Qf4 f5 53.Qe5 Qc2+ 54.Kh3 f4 55.Qe6+ Kd8
56.Qd6+ Kc8 57.Qe6+ Kb7 58.Qe7+ Kb8 59.d6 Qf5+ 60.Kh2 Qh5+ 61.Kg2 Qg5+ 62.Kh1 Qh5+
63.Kg2 Qg5+ 64.Kh2 Qh5+  1/2-1/2

[Event "3rd ACT"]
[Site "Amsterdam NED"]
[Date "2006.07.16"]
[Round "2"]
[White "De Boer,Sy"]
[Black "Ftacnik,L"]
[Result "0-1"]
[WhiteElo "2353"]
[BlackElo "2579"]

1.e4 c5 2.Nf3 d6 3.d4 cxd4 4.Nxd4 Nf6 5.Nc3 a6 6.g3 e5 7.Nb3 b5 8.Bg2 Be7
9.O-O O-O 10.a4 b4 11.Nd5 Nxd5 12.Qxd5 Ra7 13.Be3 Be6 14.Qd2 Rb7 15.Rfc1 a5
16.Qd3 Nc6 17.Nd2 Qb8 18.Qa6 Rc8 19.c3 Bd8 20.h3 Bb6 21.Nf1 h6 22.Qd3 bxc3
23.bxc3 Ne7 24.Bxb6 Rxb6 25.Ne3 Rb3 26.Bf1 Qc7 27.Rab1 Rcb8 28.Rxb3 Rxb3
29.Nc4 d5 30.exd5 Nxd5 31.h4 f5 32.Ne3 Nxe3 33.Qxe3 Bf7 34.Bb5 f4 35.gxf4 exf4
36.Qd4 Qe7 37.Qxf4 Rxc3 38.Rxc3 Qe1+ 39.Kh2 Qxc3 40.Qe4 Qd2 41.Kg3 Qd6+ 42.Qf4 Qg6+
43.Kh2 Bd5 44.f3 Qf7 45.Kg3 Qxf4+ 46.Kxf4 Kf7 47.Kg4 Ke6 48.Kf4 Bb3 49.Ke4 Bc2+
50.Kd4 Bd1 51.Ke4 Kf6 52.Bc6 Ke6 53.Bb5 Bb3 54.Be8 Bd5+ 55.Kd4 Bxf3 56.Kc5 h5
57.Kb5 Kf5 58.Kxa5 Kg4 59.Kb6 Kxh4 60.a5 Kg3  0-1

[Event "ch-SVK"]
[Site "Banska Stiavnica SVK"]
[Date "2006.07.16"]
[Round "9"]
[White "Mrva,Mart"]
[Black "Meszaros,Mi"]
[Result "1-0"]
[WhiteElo "2499"]
[BlackElo "2420"]

1.e4 c5 2.Nf3 d6 3.d4 cxd4 4.Nxd4 Nf6 5.Nc3 a6 6.g3 e5 7.Nf3 Be7 8.Bg2 h6
9.O-O Be6 10.Re1 Nbd7 11.Nh4 g6 12.Nd5 Bxd5 13.exd5 Qc7 14.b3 Rc8 15.c4 Kf8
16.a4 a5 17.Bb2 Nc5 18.Bh3 Rd8 19.Qc2 Kg7 20.Re3 Nfd7 21.f4 Bf6 22.Rae1 Rhe8
23.Nf3 Re7 24.Qf2 Rde8 25.Bxd7 Nxd7 26.g4 Kg8 27.g5 hxg5 28.fxg5 Bg7 29.Nd2 Nc5
30.Qh4 Qd7 31.Rf1 Rc8 32.Kh1 b6 33.Rf6 Kf8 34.Ba3 e4 35.Bb2 Ke8 36.Qg3 Rd8
37.Bd4 Qc7 38.Bxc5 bxc5 39.Nxe4 Kf8 40.Qh4 Re5 41.Rf4 Rde8 42.Ref3 R8e7 43.Nf6 Re1+
44.Rf1 Rxf1+ 45.Rxf1 Re5 46.Qh7 Bxf6 47.gxf6  1-0

[Event "ch-Paris"]
[Site "Paris FRA"]
[Date "2006.07.16"]
[Round "9"]
[White "Leconte,M"]
[Black "Draoui,N"]
[Result "1/2-1/2"]
[WhiteElo "2304"]
[BlackElo "2379"]

1.e4 c5 2.Nf3 d6 3.d4 cxd4 4.Nxd4 Nf6 5.Nc3 a6 6.g3 e6 7.Bg2 Be7 8.O-O O-O
9.Be3 Qc7 10.Qe2 Nbd7 11.Rad1 Rb8 12.f4 Re8 13.a3 Bf8 14.g4 g6 15.g5 Nh5
16.Kh1 b5 17.Rf3 b4 18.axb4 Rxb4 19.Nb3 Bb7 20.Rh3 Bg7 21.Qd3 Bf8 22.Bf3 d5
23.Bxh5 gxh5 24.Rxh5 Bg7 25.exd5 exd5 26.Qxh7+ Kf8 27.Bd4 Rxd4 28.Rxd4 Re1+
29.Kg2 Bxd4 30.Nxd4 Qxf4 31.Nce2 Rxe2+ 32.Nxe2 d4+ 33.Kh3 Qf1+ 34.Kh4 Qf2+
35.Ng3 Qxh2+ 36.Kg4 Ne5+ 37.Kf5 Qf2+ 38.Kxe5 Qxg3+ 39.Kxd4 Qd6+ 40.Kc3 Qc5+
41.Kd2 Qf2+ 42.Kc3 Qe2  1/2-1/2

[Event "3rd ACT"]
[Site "Amsterdam NED"]
[Date "2006.07.18"]
[Round "4"]
[White "De Boer,Sy"]
[Black "Hunt,A"]
[Result "0-1"]
[WhiteElo "2353"]
[BlackElo "2457"]

1.e4 c5 2.Nf3 d6 3.d4 cxd4 4.Nxd4 Nf6 5.Nc3 a6 6.g3 e5 7.Nb3 Be7 8.Bg2 O-O
9.O-O b5 10.a4 b4 11.Nd5 Nxd5 12.Qxd5 Ra7 13.Be3 Be6 14.Qd3 Rd7 15.Nd2 d5
16.exd5 Bxd5 17.Bxd5 Rxd5 18.Qe2 Bc5 19.Nc4 Nc6 20.c3 bxc3 21.bxc3 Bxe3 22.Nxe3 Rd3
23.Rad1 e4 24.Qg4 Re8 25.Rxd3 exd3 26.Qc4 Re6 27.Rd1 Ne5 28.Qe4 g6 29.c4 Qa5
30.f4 Nxc4  0-1

[Event "XI Open"]
[Site "Balaguer ESP"]
[Date "2006.07.19"]
[Round "3"]
[White "Lujan,C"]
[Black "Colovic,A"]
[Result "1-0"]
[WhiteElo "2380"]
[BlackElo "2462"]

1.e4 c5 2.Nf3 d6 3.d4 cxd4 4.Nxd4 Nf6 5.Nc3 a6 6.g3 e5 7.Nde2 Be7 8.Bg2 b5
9.h3 Nbd7 10.g4 b4 11.Nd5 Nxd5 12.exd5 a5 13.O-O Ba6 14.Re1 O-O 15.Ng3 Qb8
16.Be3 Rc8 17.a3 a4 18.axb4 Qxb4 19.Bd4 exd4 20.Rxe7 Ne5 21.Nf5 Ng6 22.Re4 Qxb2
23.Qxd4 a3 24.Rxa3 Qc1+ 25.Kh2 f6 26.Rc3 Rf8 27.Rc7 Bf1 28.Rxg7+ Kh8 29.Ra7 Bxg2
30.Kxg2 Rab8 31.Rxh7+ Kg8 32.Qa7  1-0

[Event "Czech Open B2"]
[Site "Pardubice CZE"]
[Date "2006.07.22"]
[Round "2"]
[White "Kubit,T"]
[Black "Guenther,Ch"]
[Result "1/2-1/2"]
[WhiteElo "2184"]
[BlackElo "1991"]

1.e4 c5 2.Nf3 d6 3.d4 cxd4 4.Nxd4 Nf6 5.Nc3 a6 6.g3 e5 7.Nde2 Be7 8.Bg2 Be6
9.h3 Nbd7 10.g4 Rc8 11.Ng3 Nb6 12.O-O d5 13.exd5 Nfxd5 14.Nxd5 Nxd5 15.Nf5 Bxf5
16.gxf5 Nb4 17.Bxb7 Qxd1 18.Rxd1 Rc7  1/2-1/2